<?xml version="1.0" encoding="UTF-8"?>
<record
    xmlns:xsi="http://www.w3.org/2001/XMLSchema-instance"
    xsi:schemaLocation="http://www.loc.gov/MARC21/slim http://www.loc.gov/standards/marcxml/schema/MARC21slim.xsd"
    xmlns="http://www.loc.gov/MARC21/slim">

  <leader>06451njm a2200661Ia 4500</leader>
  <controlfield tag="001">25689</controlfield>
  <controlfield tag="003">IT-RoPAU</controlfield>
  <controlfield tag="005">20220918181121.0</controlfield>
  <controlfield tag="008">131025s9999    xx            000 0 und d</controlfield>
  <datafield tag="040" ind1=" " ind2=" ">
    <subfield code="a">IT-RoPAU</subfield>
  </datafield>
  <datafield tag="040" ind1=" " ind2=" ">
    <subfield code="c">IT-RoPAU</subfield>
  </datafield>
  <datafield tag="999" ind1=" " ind2=" ">
    <subfield code="c">99824</subfield>
    <subfield code="d">99824</subfield>
  </datafield>
  <datafield tag="999" ind1=" " ind2=" ">
    <subfield code="b">n.d.</subfield>
  </datafield>
  <datafield tag="100" ind1=" " ind2=" ">
    <subfield code="a">AA.VV.</subfield>
    <subfield code="9">794</subfield>
  </datafield>
  <datafield tag="100" ind1=" " ind2=" ">
    <subfield code="e">Autore musica</subfield>
    <subfield code="9">13678</subfield>
  </datafield>
  <datafield tag="100" ind1=" " ind2=" ">
    <subfield code="g">Codice autore musica SPICS: 12000</subfield>
    <subfield code="9">796</subfield>
  </datafield>
  <datafield tag="245" ind1=" " ind2=" ">
    <subfield code="a">Dixieland</subfield>
  </datafield>
  <datafield tag="250" ind1=" " ind2=" ">
    <subfield code="a">2a ed.</subfield>
  </datafield>
  <datafield tag="260" ind1=" " ind2=" ">
    <subfield code="a">MILANO</subfield>
  </datafield>
  <datafield tag="260" ind1=" " ind2=" ">
    <subfield code="b">MUSICA JAZZ</subfield>
    <subfield code="c">1983 [1a Ed.:]</subfield>
  </datafield>
  <datafield tag="300" ind1=" " ind2=" ">
    <subfield code="a">DISCO</subfield>
  </datafield>
  <datafield tag="300" ind1=" " ind2=" ">
    <subfield code="c">42 minuti (Testo:  pag.)</subfield>
  </datafield>
  <datafield tag="500" ind1=" " ind2=" ">
    <subfield code="a">Musica jazz. Raccolta di incisioni pi&#xF9; rappresentative di un periodo storico molto significativo per lo sviluppo della musica afro-americana; quello che vide la diffusione e la crescita del jazz dalla leggendaria New Orleans alle grandi citt&#xE0; industriali del nord come Chicago e New York. Disco fuori commercio allegato al n. 5 '83 di "Musica jazz"</subfield>
  </datafield>
  <datafield tag="505" ind1=" " ind2=" ">
    <subfield code="a">Tiger Rag [(New York, 25 marzo 1918) (La Rocca Nick) (4:00)] - Tin Roof Blues [(Richmond, 13 marzo 1923) (3:00)] - She's Crying For Me [(New Orleans, 23 gennaio 1925) (3:00)] - Royal Garden Blues ](New York, 5 ottobre 1927) (Beiderbecke Bix) (3:00)] - Way Down Yonder in New Orleans [(New York, 13 maggio 1927) (Trumbauer Frankie) (3:00)] - That's No Bargain [(New York, 8 dicembre 1926) (Nichols Red) (3:00)] - Moanin' Low [(New York, 12 luglio 1929) (Mole Miff) (4:00)] - Nobody's Sweetheart (Chicago, 16 dicembre 1927) (McKenzie Red) (4:00)] - Spider Crawl [(New York, 23 maggio 1932) (Banks Billy) (4:00)] - There'll Be Some Changes Made [(Chicago, 4 aprile 1928) (3:00)] - Basin Street Blues [(New York, 9 febbraio 1931) (4:00)] - The Eel [(New York, 21 ottobre 1933) (Condon Eddie) (3:00)] - After You'Ve Gone [(New York, 22 ottobre 1931) (3:00)] - Relaxin' At the Touro [(New York, 22 novembre 1939) (Spanier Muggsy) (4:00)]</subfield>
  </datafield>
  <datafield tag="511" ind1=" " ind2=" ">
    <subfield code="a">La Rocca Nick: corn; Edwards Eddie: trne; Shields Larry: cl; Ragas Henry: p; Sbarbaro Tony: batt; Original Dixieland Jazz Band</subfield>
  </datafield>
  <datafield tag="511" ind1=" " ind2=" ">
    <subfield code="a">Mares Paul: corn; Brunis George: trne; Roppolo Leon: cl; Stizel Mel: p; Pollack Ben: batt; New Orleans Rhythm Kings</subfield>
  </datafield>
  <datafield tag="511" ind1=" " ind2=" ">
    <subfield code="a">Mares Paul: corn; Pecora Santo: trne; Roppolo Leon: cl; Cordella Charlie: ten; Long Red: p; Eastwood Bill: bjo; Martin Clink: tuba; Adde Leo: batt; Original New Orleans Rhythm Kings</subfield>
  </datafield>
  <datafield tag="511" ind1=" " ind2=" ">
    <subfield code="a">Beiderbecke Bix: corn; Rank Bill: trne; Murray Don: cl; Rollini Adrian: sax; Bassosignorelli Frank: p; Quicksell Howdy: bjo; Morehouse Chauncey: batt; Bix Beiderbecke and his Gang</subfield>
  </datafield>
  <datafield tag="511" ind1=" " ind2=" ">
    <subfield code="a">Beiderbecke Bix: corn; Rank Bill: trne; Murray Don: cl; Trumbauer Frankie: sax; Ryker Doc: sax; Riskin Irving: p; Lang Eddie: chit; Morehouse Chauncey: batt; Frankie Trumbauer and his Orchestra</subfield>
  </datafield>
  <datafield tag="511" ind1=" " ind2=" ">
    <subfield code="a">Nichols Red: corn; Dorsey Jimmy: cl; Schutt Arthur: p; Lang Eddie: chit; Berton Vic: batt; Red Nichols and his Five Pennies</subfield>
  </datafield>
  <datafield tag="511" ind1=" " ind2=" ">
    <subfield code="a">Napoleon Phil: tr; McConville Leo: tr; Mole Miff: trne; Dorsey Jimmy: cl, alto; Schutt Arthur: p; Felline Tommy: chit; King Stan: batt; Miff Mole's Molers</subfield>
  </datafield>
  <datafield tag="511" ind1=" " ind2=" ">
    <subfield code="a">McPartland Jimmy: corn; Teschemaker Frank: cl; Freeman Bud: ten; Sullivan Joe: p; Condon Eddie: bjo; Lannigan Jim: cb; Krupa Gene: batt; Mckenzie and Condon's Chicagoans</subfield>
  </datafield>
  <datafield tag="511" ind1=" " ind2=" ">
    <subfield code="a">Allen Red: tr; Russell Pee Wee: cl, ten; Sullivan Joe: p; Condon Eddie: bjo; Bland Jack: chit; Morgan Al: cb; Singleton Zutty: batt; Banks Billy: voce; Billy Banks and his Orchestra</subfield>
  </datafield>
  <datafield tag="511" ind1=" " ind2=" ">
    <subfield code="a">Spanier Muggsy: corn; Teschemacher Frank: cl; Mezzrow Mezz: ten; Sullivan Joe: p; Condon Eddie: bjo; Lannigan Jim: tuba; Krupa Gene: batt; Mckenzie Red: voce; Chicago Rhythm Kings</subfield>
  </datafield>
  <datafield tag="511" ind1=" " ind2=" ">
    <subfield code="a">Weinstein Ruby: tr; Teagarden Charlie: tr; Miller Glenn: trne, arr; Teagarden Jack: trne, voce; Goodman Benny: cl; Stoneburn Sid: alto; Binyon Larry: ten; Schutt Arthur: p; Mcdonough Dick: chit; Goodman Harry: cb; Krupa Gene: batt; The Charleston Chasers</subfield>
  </datafield>
  <datafield tag="511" ind1=" " ind2=" ">
    <subfield code="a">Kaminsky Max: tr; O'Brien Floyd: trne; Russell Pee Wee: cl; Freeman Bud: ten; Hill Alex: p, arr; Condon Eddie: bjo; Bernstein Artie: cb; Catlett Sidney: batt; Eddie Condon and his Orchestra</subfield>
  </datafield>
  <datafield tag="511" ind1=" " ind2=" ">
    <subfield code="a">Teagarden Charlie: tr; Teagarden Jack: trne, voce; Goodman Benny: cl; Signorelli Frank: p; Venuti Joe: viol; Lang Eddie: chit; Goodman Harry: cb; Bauduc Ray: batt; Venuti-Lang All-Stars</subfield>
  </datafield>
  <datafield tag="511" ind1=" " ind2=" ">
    <subfield code="a">Spanier Muggsy: corn; Brunis George: trne; Cless Rod: cl; Caiazza Nick: ten; Bushkin Joe: p; Casey Bob: cb; Carter Don: batt; Muggsy Spanier's Ragtime Band</subfield>
  </datafield>
  <datafield tag="650" ind1=" " ind2=" ">
    <subfield code="a">JAZZ [DISCHI]</subfield>
    <subfield code="e">Codice MATERIA SPICS: 9950</subfield>
    <subfield code="9">13679</subfield>
  </datafield>
  <datafield tag="700" ind1=" " ind2=" ">
    <subfield code="a">La Rocca Nick</subfield>
    <subfield code="d">Codice autore musica SPICS: 16322</subfield>
    <subfield code="e">Autore musica</subfield>
    <subfield code="p">Tiger Rag</subfield>
    <subfield code="9">13680</subfield>
  </datafield>
  <datafield tag="700" ind1=" " ind2=" ">
    <subfield code="a">Mares Paul</subfield>
    <subfield code="d">Codice autore musica SPICS: 16324</subfield>
    <subfield code="e">Autore musica</subfield>
    <subfield code="p">Tin Roof Blues</subfield>
    <subfield code="9">13681</subfield>
  </datafield>
  <datafield tag="700" ind1=" " ind2=" ">
    <subfield code="a">Schoebel</subfield>
    <subfield code="d">Codice autore SPICS: 20143</subfield>
    <subfield code="e">Autore</subfield>
    <subfield code="p">Tin Roof Blues - Nobody's Sweetheart</subfield>
    <subfield code="9">13682</subfield>
  </datafield>
  <datafield tag="700" ind1=" " ind2=" ">
    <subfield code="a">Pecora Santo</subfield>
    <subfield code="d">Codice autore musica SPICS: 18185</subfield>
    <subfield code="e">Autore musica</subfield>
    <subfield code="p">She's Crying For Me</subfield>
    <subfield code="9">13683</subfield>
  </datafield>
  <datafield tag="700" ind1=" " ind2=" ">
    <subfield code="a">Williams Spencer</subfield>
    <subfield code="d">Codice autore musica SPICS: 10731</subfield>
    <subfield code="e">Autore musica</subfield>
    <subfield code="p">Royal Garden Blues - Basin Street Blues</subfield>
    <subfield code="9">13684</subfield>
  </datafield>
  <datafield tag="700" ind1=" " ind2=" ">
    <subfield code="a">Williams Clarence</subfield>
    <subfield code="d">Codice autore SPICS: 13039</subfield>
    <subfield code="e">Autore</subfield>
    <subfield code="p">Royal Garden Blues</subfield>
    <subfield code="9">13685</subfield>
  </datafield>
  <datafield tag="700" ind1=" " ind2=" ">
    <subfield code="a">Creamer H.</subfield>
    <subfield code="d">Codice autore musica SPICS: 16398</subfield>
    <subfield code="e">Autore musica</subfield>
    <subfield code="p">Way Down Yonder in New Orleans - After You'Ve Gone</subfield>
    <subfield code="9">13686</subfield>
  </datafield>
  <datafield tag="700" ind1=" " ind2=" ">
    <subfield code="a">Layton T.</subfield>
    <subfield code="d">Codice autore SPICS: 16399</subfield>
    <subfield code="e">Autore</subfield>
    <subfield code="p">Way Down Yonder in New Orleans - After You'Ve Gone</subfield>
    <subfield code="9">13687</subfield>
  </datafield>
  <datafield tag="700" ind1=" " ind2=" ">
    <subfield code="a">Nichols Red</subfield>
    <subfield code="d">Codice autore musica SPICS: 16346</subfield>
    <subfield code="e">Autore musica</subfield>
    <subfield code="p">That's No Bargain</subfield>
    <subfield code="9">13688</subfield>
  </datafield>
  <datafield tag="700" ind1=" " ind2=" ">
    <subfield code="a">Dietz H.</subfield>
    <subfield code="d">Codice autore musica SPICS: 15554</subfield>
    <subfield code="e">Autore musica</subfield>
    <subfield code="p">Moanin' Low</subfield>
    <subfield code="9">13689</subfield>
  </datafield>
  <datafield tag="700" ind1=" " ind2=" ">
    <subfield code="a">Rainer</subfield>
    <subfield code="d">Codice autore SPICS: 27864</subfield>
    <subfield code="e">Autore</subfield>
    <subfield code="p">Moanin' Low</subfield>
    <subfield code="9">13690</subfield>
  </datafield>
  <datafield tag="700" ind1=" " ind2=" ">
    <subfield code="a">Kahn</subfield>
    <subfield code="d">Codice autore musica SPICS: 19977</subfield>
    <subfield code="e">Autore musica</subfield>
    <subfield code="p">Nobody's Sweetheart</subfield>
    <subfield code="9">13691</subfield>
  </datafield>
  <datafield tag="700" ind1=" " ind2=" ">
    <subfield code="a">Meyers Robert</subfield>
    <subfield code="d">Codice autore SPICS: 21029</subfield>
    <subfield code="e">Autore</subfield>
    <subfield code="p">Nobody's Sweetheart</subfield>
    <subfield code="9">13692</subfield>
  </datafield>
  <datafield tag="700" ind1=" " ind2=" ">
    <subfield code="a">Condon Eddie</subfield>
    <subfield code="d">Codice autore musica SPICS: 16350</subfield>
    <subfield code="e">Autore musica</subfield>
    <subfield code="p">Spider Crawl</subfield>
    <subfield code="9">13693</subfield>
  </datafield>
  <datafield tag="700" ind1=" " ind2=" ">
    <subfield code="a">Higgins Billy</subfield>
    <subfield code="d">Codice autore musica SPICS: 16233</subfield>
    <subfield code="e">Autore musica</subfield>
    <subfield code="p">There'll Be Some Changes Made</subfield>
    <subfield code="9">13694</subfield>
  </datafield>
  <datafield tag="700" ind1=" " ind2=" ">
    <subfield code="a">Freeman Bud</subfield>
    <subfield code="d">Codice autore musica SPICS: 16327</subfield>
    <subfield code="e">Autore musica</subfield>
    <subfield code="p">The Eel</subfield>
    <subfield code="9">13695</subfield>
  </datafield>
  <datafield tag="700" ind1=" " ind2=" ">
    <subfield code="a">Spanier Muggsy</subfield>
    <subfield code="d">Codice autore musica SPICS: 16354</subfield>
    <subfield code="e">Autore musica</subfield>
    <subfield code="p">Relaxin' At the Touro</subfield>
    <subfield code="9">13696</subfield>
  </datafield>
  <datafield tag="700" ind1=" " ind2=" ">
    <subfield code="a">Bushkin</subfield>
    <subfield code="d">Codice autore SPICS: 27871</subfield>
    <subfield code="e">Autore</subfield>
    <subfield code="p">Relaxin' At the Touro</subfield>
    <subfield code="9">13697</subfield>
  </datafield>
  <datafield tag="942" ind1=" " ind2=" ">
    <subfield code="c">MD</subfield>
    <subfield code="2">ddc</subfield>
  </datafield>
  <datafield tag="952" ind1=" " ind2=" ">
    <subfield code="0">0</subfield>
    <subfield code="1">0</subfield>
    <subfield code="4">0</subfield>
    <subfield code="6">25689_000000000000000</subfield>
    <subfield code="7">1</subfield>
    <subfield code="a">SPICS</subfield>
    <subfield code="b">SPICS</subfield>
    <subfield code="d">2013-10-25</subfield>
    <subfield code="l">0</subfield>
    <subfield code="o">25689</subfield>
    <subfield code="r">2013-10-25 00:00:00</subfield>
    <subfield code="w">2013-10-25</subfield>
    <subfield code="y">MD</subfield>
    <subfield code="z">Progr. Ins.: 5563 / N.Vol.: 1 / Copie: 1 - Copia rara: n.d. / date import: 01.01.2014 - By Epidotti, Trombetti, Vaglietti</subfield>
  </datafield>
</record>
